[Event "Int. Stuttgarter Stadtmeisterschaft A"]
[Site "Ditzingen"]
[Date "2016.05.07"]
[Round "5.33"]
[White "Döring, Stefan"]
[Black "Müller, Dennis"]
[Result "1-0"]
[WhiteElo "1945"]
[BlackElo "1801"]
[PlyCount "77"]
[EventDate "2016.??.??"]
[WhiteTeam "SC Tamm"]
[BlackTeam "SC Kreut"]

1. Nf3 Nf6 2. d4 g6 3. Bg5 Bg7 4. c3 O-O 5. Nbd2 d6 6. e4 Nbd7 7. Bc4 e5 8. O-O
c6 9. a4 a5 10. Qc2 h6 11. Bxf6 Qxf6 12. d5 g5 13. Rfd1 g4 14. Ne1 Qg6 15. Nf1
Nc5 16. Ng3 h5 17. b4 Na6 18. Nf5 Bxf5 19. exf5 Qf6 20. Qe4 c5 21. bxa5 Nc7 22.
Rdb1 Rfb8 23. a6 bxa6 24. Nc2 a5 25. Bb5 Qd8 26. Ne3 Ne8 27. Bc6 Nf6 28. Qc2
Rxb1+ 29. Rxb1 Rb8 30. Nc4 e4 31. Rxb8 Qxb8 32. Nxa5 Qc8 33. Nc4 Qxf5 34. a5
Nxd5 35. a6 Nc7 36. a7 d5 37. Ne3 Qf6 38. Nxd5 Qxc6 39. Ne7+ 1-0

[Event "Int. Stuttgarter Stadtmeisterschaft A"]
[Site "Ditzingen"]
[Date "2016.05.07"]
[Round "5.34"]
[White "Haug, Siegmund"]
[Black "Viehoff, Jürgen"]
[Result "0-1"]
[WhiteElo "1937"]
[BlackElo "1824"]
[PlyCount "83"]
[EventDate "2016.??.??"]
[WhiteTeam "SC Pforzheim"]
[BlackTeam "SC Stetten a.d.F."]

1. d4 Nf6 2. Nf3 e6 3. Bg5 Be7 4. Nbd2 O-O 5. e4 d5 6. e5 Nfd7 7. Bxe7 Qxe7 8.
Bd3 c5 9. c3 b6 10. Qe2 Bb7 11. h4 h6 12. g4 g6 13. Qe3 Kg7 14. Nf1 cxd4 15.
Nxd4 Nc6 16. Nxc6 Bxc6 17. Rh3 Qc5 18. f4 Qxe3+ 19. Nxe3 f6 20. exf6+ Rxf6 21.
f5 exf5 22. gxf5 Nc5 23. Bc2 Re8 24. O-O-O Ne4 25. Rg1 Rg8 26. fxg6 Rxg6 27.
Rf1 Kh8 28. h5 Rg1 29. Rh1 Rxh1 30. Rxh1 Rg5 31. Bb3 Nxc3 32. bxc3 d4 33. Rf1
dxe3 34. Rf8+ Kg7 35. Rf7+ Kh8 36. Rf8+ Kh7 37. Rf7+ Rg7 38. Rf6 Be4 39. Kd1
Bd3 40. Kc1 Rg1+ 41. Kb2 e2 42. Rf7+ 0-1

[Event "Int. Stuttgarter Stadtmeisterschaft A"]
[Site "Ditzingen"]
[Date "2016.05.07"]
[Round "5.35"]
[White "Pfrommer, Martin"]
[Black "Schömbs, Oliver"]
[Result "0-1"]
[WhiteElo "2013"]
[BlackElo "1890"]
[PlyCount "104"]
[EventDate "2016.??.??"]
[WhiteTeam "SV Schorndorf"]
[BlackTeam "SC Ingersheim"]

1. e4 e5 2. Nf3 Nc6 3. Bc4 Bc5 4. c3 Nf6 5. d4 exd4 6. e5 d5 7. Bb5 Ne4 8. cxd4
Bb4+ 9. Bd2 Nxd2 10. Nbxd2 Bd7 11. Qb3 Bxd2+ 12. Kxd2 Qe7 13. a3 O-O 14. Bd3
Rfd8 15. h3 a5 16. Qc2 g6 17. b3 Rac8 18. Qc3 Be6 19. Rhe1 Ra8 20. Re3 Rdc8 21.
Qc5 Qd8 22. Qc2 Qe7 23. g4 Nb8 24. Qc5 Qd8 25. Qc3 Qe7 26. Qc5 Qd8 27. Qc1 Qe7
28. Bb5 c6 29. Rc3 Nd7 30. Be2 c5 31. Ke1 Qf8 32. Qe3 cxd4 33. Qxd4 Rxc3 34.
Qxc3 Rc8 35. Qxa5 Qg7 36. Rd1 Nxe5 37. Nd4 Qf6 38. Qb6 Rc3 39. Bf1 Nf3+ 40.
Nxf3 Qxf3 41. Be2 Qxh3 42. Qxb7 Rc2 43. Qb8+ Bc8 44. Qe5 Bxg4 45. Qe8+ Kg7 46.
Qe5+ f6 47. Qe7+ Kh6 48. Qf8+ Kg5 49. Rxd5+ Bf5 50. Qd6 Qh1+ 51. Bf1 Qe4+ 52.
Kd1 Qf3+ 0-1

[Event "Int. Stuttgarter Stadtmeisterschaft A"]
[Site "Ditzingen"]
[Date "2016.05.07"]
[Round "5.36"]
[White "Cummings, Nicolai"]
[Black "Stoll, Katja"]
[Result "1/2-1/2"]
[WhiteElo "1996"]
[BlackElo "1870"]
[PlyCount "36"]
[EventDate "2016.??.??"]
[WhiteTeam "SC Ingersheim"]
[BlackTeam "SC Weiße Dame Ulm"]

1. d4 d5 2. c4 c6 3. Nf3 Nf6 4. Nc3 e6 5. cxd5 exd5 6. Bg5 h6 7. Bh4 Be7 8. Qc2
Rg8 9. e3 Ne4 10. Nxe4 Bxh4 11. Nxh4 Qxh4 12. Nd6+ Ke7 13. Nxc8+ Rxc8 14. Be2
Nd7 15. O-O Nf6 16. Rfc1 Ne4 17. Bd3 f5 18. Bxe4 fxe4 1/2-1/2

[Event "Int. Stuttgarter Stadtmeisterschaft A"]
[Site "Ditzingen"]
[Date "2016.05.07"]
[Round "5.37"]
[White "Cummings, Orlyn"]
[Black "Pfeifer, Wilfried"]
[Result "1/2-1/2"]
[WhiteElo "1884"]
[BlackElo "1995"]
[PlyCount "55"]
[EventDate "2016.??.??"]
[WhiteTeam "SK Schmiden/Cannstatt"]
[BlackTeam "TSF Ditzingen"]

1. e4 c6 2. d4 d5 3. e5 c5 4. dxc5 e6 5. Be3 Nh6 6. c3 Qc7 7. b4 a5 8. Nf3 Bd7
9. Bd4 Nf5 10. Bd3 Nxd4 11. cxd4 axb4 12. O-O b6 13. cxb6 Qxb6 14. Nbd2 Be7 15.
Qb1 Bb5 16. Rc1 Bxd3 17. Qxd3 O-O 18. Qc2 Nd7 19. Qc7 Ra7 20. Qc2 Rfa8 21. Nb3
Qb5 22. g3 h6 23. Ne1 Nb6 24. Nd3 Nc4 25. Nbc5 Bxc5 26. Nxc5 Ra3 27. Rcb1 Qa5
28. Qd1 1/2-1/2

[Event "Int. Stuttgarter Stadtmeisterschaft A"]
[Site "Ditzingen"]
[Date "2016.05.07"]
[Round "5.38"]
[White "Kast, Joannis"]
[Black "Ruff, Robert"]
[Result "1-0"]
[WhiteElo "1985"]
[BlackElo "1871"]
[PlyCount "95"]
[EventDate "2016.??.??"]
[WhiteTeam "SK Jöhlingen"]
[BlackTeam "SK Sachsenheim"]

1. e4 e6 2. d4 d5 3. exd5 exd5 4. Nf3 Nc6 5. Bb5 Bd6 6. c4 a6 7. Bxc6+ bxc6 8.
c5 Be7 9. Ne5 Nf6 10. Nxc6 Qd7 11. Nxe7 Qxe7+ 12. Qe2 Qxe2+ 13. Kxe2 a5 14. f3
Ba6+ 15. Kf2 h6 16. Nc3 Kd7 17. Bf4 Nh5 18. Be3 Rab8 19. b3 Kc6 20. Rhe1 Rhe8
21. g4 Nf6 22. Kg3 Re6 23. Bf2 Rbe8 24. Rxe6+ Rxe6 25. Re1 Nd7 26. Kf4 Rf6+ 27.
Kg3 Re6 28. Be3 Nxc5 29. dxc5 d4 30. Bd2 Rxe1 31. Bxe1 dxc3 32. Bxc3 a4 33.
Bxg7 axb3 34. axb3 Kxc5 35. Bxh6 Kb4 36. Bf8+ Kxb3 37. Kf4 Be2 38. h4 Kc4 39.
Ke4 Bd3+ 40. Ke5 Be2 41. h5 Bxf3 42. h6 Bxg4 43. h7 Be6 44. h8=Q Kb5 45. Qh5 c6
46. Kd6+ Bd5 47. Qe2+ Kb4 48. Bg7 1-0

[Event "Int. Stuttgarter Stadtmeisterschaft A"]
[Site "Ditzingen"]
[Date "2016.05.07"]
[Round "5.39"]
[White "Zeh, Rolf"]
[Black "Baumeister, Jürgen"]
[Result "0-1"]
[WhiteElo "1957"]
[BlackElo "1814"]
[PlyCount "118"]
[EventDate "2016.??.??"]
[WhiteTeam "SV Böckingen"]
[BlackTeam "SC Asperg"]

1. Nf3 c5 2. c4 Nf6 3. Nc3 g6 4. g3 Bg7 5. Bg2 d6 6. O-O Nc6 7. d4 cxd4 8. Nxd4
Bd7 9. e4 O-O 10. h3 Nxd4 11. Qxd4 Bc6 12. Qd3 Nd7 13. Be3 Qa5 14. Rfd1 Ne5 15.
Qe2 Rac8 16. Rac1 Nd7 17. Bd4 Qg5 18. Bxg7 Kxg7 19. Kh2 a6 20. h4 Qc5 21. Nd5
Rce8 22. b4 Qa7 23. h5 Bxd5 24. exd5 b6 25. Qb2+ Nf6 26. g4 Kg8 27. Bf3 Qd7 28.
h6 Rd8 29. g5 Ne8 30. Qd4 Qf5 31. Qe3 f6 32. gxf6 Rxf6 33. Kg2 e5 34. dxe6 Nc7
35. e7 Re8 36. Rc3 Kf7 37. Qxb6 Qg5+ 38. Kf1 Qh4 39. Bg2 Rxe7 40. Rxd6 Ne6 41.
Bd5 Qg4 42. Rxe6 Rexe6 43. Rd3 g5 44. Qb7+ Kg6 45. Qg7+ Kh5 46. Bxe6 Qxe6 47.
Qc7 Rxh6 48. c5 Rf6 49. Qg3 Qc4 50. a3 Rf4 51. Qe3 Re4 52. Qh3+ Kg6 53. Kg2
Rg4+ 54. Rg3 Qe4+ 55. Kg1 Rh4 56. Qg2 Qe1+ 57. Qf1 Rh1+ 58. Kxh1 Qxf1+ 59. Rg1
Qh3# 0-1

[Event "Int. Stuttgarter Stadtmeisterschaft A"]
[Site "Ditzingen"]
[Date "2016.05.07"]
[Round "5.40"]
[White "Gheng, Dominik"]
[Black "Wohlfahrt, Michael"]
[Result "1-0"]
[WhiteElo "1840"]
[BlackElo "1909"]
[PlyCount "111"]
[EventDate "2016.??.??"]
[WhiteTeam "Schach-Kids Bernhausen"]
[BlackTeam "TSF Welzheim"]

1. e4 c5 2. Nf3 Nc6 3. d4 cxd4 4. Nxd4 Nf6 5. Nc3 e5 6. Nb3 Bb4 7. Bg5 h6 8.
Bxf6 Bxc3+ 9. bxc3 Qxf6 10. Bc4 O-O 11. O-O a6 12. a4 Rd8 13. Qd2 Qe7 14. f4 d6
15. f5 Qf6 16. Kh1 b6 17. Bd5 Bb7 18. Qf2 Rab8 19. Qxb6 Rdc8 20. Qf2 Ne7 21.
Bxb7 Rxb7 22. Na5 Rbc7 23. c4 Rc5 24. Qd2 R8c7 25. Rab1 Nc8 26. Rfd1 Qh4 27.
Re1 Qf4 28. Qb4 Qf2 29. c3 f6 30. Red1 Qc2 31. Qb8 Kh7 32. Nb7 Rxc4 33. Nxd6
Nxd6 34. Rxd6 Rxc3 35. Rbd1 Qxa4 36. Qb1 Rc2 37. Re1 Qc4 38. Rdd1 a5 39. Qa1 a4
40. Qa3 Rc3 41. Qf8 Qf7 42. Qa8 Ra7 43. Qb8 Qc7 44. Qf8 Qc8 45. Rd8 Qxd8 46.
Qxd8 Rac7 47. h3 Rc8 48. Qa5 R3c4 49. Kh2 R8c5 50. Qa8 Rc8 51. Qd5 R8c5 52. Qf7
Rc7 53. Qg6+ Kg8 54. Rd1 Rf7 55. Rd8+ Rf8 56. Rd7 1-0

[Event "Int. Stuttgarter Stadtmeisterschaft A"]
[Site "Ditzingen"]
[Date "2016.05.07"]
[Round "5.41"]
[White "Richter, Nils"]
[Black "Lebiedz, Oliver"]
[Result "1-0"]
[WhiteElo "1826"]
[BlackElo "1914"]
[PlyCount "89"]
[EventDate "2016.??.??"]
[WhiteTeam "TSV/RSK Esslingen"]
[BlackTeam "SK Rotenburg"]

1. e4 c5 2. Nf3 e6 3. d4 cxd4 4. Nxd4 a6 5. c4 d5 6. cxd5 exd5 7. Nc3 Nf6 8.
Bg5 Be7 9. Bxf6 Bxf6 10. exd5 O-O 11. Be2 b5 12. O-O Qb6 13. Nb3 Bd7 14. Qd2 a5
15. Ne4 Be5 16. Nc1 f5 17. Ng5 Na6 18. Nd3 Bf6 19. Nf3 Rae8 20. Rac1 b4 21. Nf4
Nc5 22. Nh5 Ne4 23. Nxf6+ Qxf6 24. Qd4 Ng3 25. fxg3 Rxe2 26. Qxf6 Rxf6 27. Rf2
Re4 28. Rc7 Rd6 29. Rd2 h6 30. b3 g5 31. Kf2 Kf7 32. Ra7 g4 33. Ne1 a4 34. bxa4
Kf6 35. Nc2 Ke5 36. Ne3 f4 37. gxf4+ Kxf4 38. g3+ Kg5 39. Ng2 h5 40. Nf4 h4 41.
Re2 hxg3+ 42. hxg3 Bf5 43. Rxe4 Bxe4 44. Ke3 Bxd5 45. Ra5 1-0

[Event "Int. Stuttgarter Stadtmeisterschaft A"]
[Site "Ditzingen"]
[Date "2016.05.07"]
[Round "5.43"]
[White "Schmidt, Markus"]
[Black "Gauer, Jakob"]
[Result "1/2-1/2"]
[WhiteElo "1901"]
[BlackElo "1801"]
[PlyCount "80"]
[EventDate "2016.??.??"]
[WhiteTeam "Stuttgarter SF"]
[BlackTeam "SC Ostfildern"]

1. Nf3 d5 2. d4 Nf6 3. c4 e6 4. g3 Be7 5. Bg2 O-O 6. Nc3 c6 7. O-O b6 8. b3
Nbd7 9. cxd5 cxd5 10. Bb2 Bb7 11. Rc1 a6 12. Re1 Rc8 13. e3 Bd6 14. Ne2 Qe7 15.
Ne5 Bb4 16. Rf1 Nxe5 17. dxe5 Ne4 18. f4 f5 19. Bxe4 dxe4 20. Rxc8 Rxc8 21. Nd4
Bd5 22. Qe2 b5 23. Qf2 Ba3 24. g4 g6 25. gxf5 exf5 26. Ba1 Rc1 27. e6 Rxf1+ 28.
Kxf1 Bxe6 29. Qc2 Kf7 30. Qc6 Qd6 31. Qb7+ Bd7 32. Kf2 Bc5 33. Qa8 Bxd4 34.
Bxd4 Be8 35. Qa7+ Bd7 36. Kg3 h6 37. h3 g5 38. Bc5 Qd1 39. Kf2 Qd2+ 40. Kf1
Qd1+ 1/2-1/2

[Event "Int. Stuttgarter Stadtmeisterschaft A"]
[Site "Ditzingen"]
[Date "2016.05.07"]
[Round "6.1"]
[White "Ikonnikov, Vyacheslav"]
[Black "Maiorov, Nikita"]
[Result "1/2-1/2"]
[WhiteElo "2545"]
[BlackElo "2538"]
[PlyCount "20"]
[EventDate "2016.??.??"]
[WhiteTeam "SF Bad Mergentheim"]

1. d4 Nf6 2. Nf3 e6 3. c4 b6 4. g3 Bb7 5. Bg2 Be7 6. O-O O-O 7. Nc3 Ne4 8. Nxe4
Bxe4 9. Ne1 Bxg2 10. Nxg2 c5 1/2-1/2

[Event "Int. Stuttgarter Stadtmeisterschaft A"]
[Site "Ditzingen"]
[Date "2016.05.07"]
[Round "6.2"]
[White "Teske, Henrik"]
[Black "Niklasch, Oliver"]
[Result "1-0"]
[WhiteElo "2487"]
[BlackElo "2319"]
[PlyCount "49"]
[EventDate "2016.??.??"]
[WhiteTeam "SC Remagen"]
[BlackTeam "SK Schmiden/Cannstatt"]

1. Nf3 d5 2. d4 Nf6 3. c4 e6 4. g3 Be7 5. Bg2 O-O 6. O-O c6 7. Nc3 b6 8. Bf4
Bb7 9. Rc1 Na6 10. Ne5 c5 11. cxd5 cxd4 12. Qxd4 Bc5 13. Qa4 exd5 14. Rfd1 Qe8
15. a3 Ne4 16. Bxe4 dxe4 17. b4 g5 18. Nd7 Qe6 19. Nxf8 Bxf2+ 20. Kxf2 Qh3 21.
Be3 Qxh2+ 22. Ke1 Rxf8 23. Qd7 Bc8 24. Qe7 Qxg3+ 25. Bf2 1-0

[Event "Int. Stuttgarter Stadtmeisterschaft A"]
[Site "Ditzingen"]
[Date "2016.05.07"]
[Round "6.3"]
[White "Schmidt, Tobias"]
[Black "Ivanisevic, Ivan"]
[Result "0-1"]
[WhiteElo "2221"]
[BlackElo "2646"]
[PlyCount "70"]
[EventDate "2016.??.??"]
[WhiteTeam "SC Erdmannhausen"]

1. e4 c5 2. c3 b6 3. d4 Bb7 4. Nd2 e6 5. Ngf3 Nf6 6. Bd3 Be7 7. O-O d5 8. e5
Nfd7 9. Qe2 Nc6 10. a3 g5 11. g4 h5 12. h3 Qc7 13. Re1 O-O-O 14. Nf1 Rdg8 15.
Ng3 hxg4 16. hxg4 Rh4 17. Nxh4 gxh4 18. Nf1 cxd4 19. f4 dxc3 20. bxc3 Nc5 21.
Nh2 d4 22. Bb2 Nxe5 23. fxe5 Qc6 24. Be4 Nxe4 25. Qxe4 Qxe4 26. Rxe4 Bxe4 27.
cxd4 Kd7 28. Rf1 Bg6 29. Kg2 Rc8 30. Rf2 Kc6 31. Kh3 Kb5 32. Nf3 Ka4 33. g5 Rc2
34. Rxc2 Bxc2 35. Kxh4 Bxa3 0-1

[Event "Int. Stuttgarter Stadtmeisterschaft A"]
[Site "Ditzingen"]
[Date "2016.05.07"]
[Round "6.4"]
[White "Kabisch, Thilo"]
[Black "Braun, Joachim"]
[Result "1-0"]
[WhiteElo "2309"]
[BlackElo "2165"]
[PlyCount "131"]
[EventDate "2016.??.??"]
[WhiteTeam "SK Schmiden/Cannstatt"]
[BlackTeam "SF Birkenfeld"]

1. e4 c5 2. Nf3 e6 3. d4 cxd4 4. Nxd4 Nc6 5. Nb5 d6 6. c4 a6 7. N5c3 Nf6 8. Na3
Be7 9. Be2 O-O 10. O-O b6 11. Bf4 Bb7 12. Re1 Rc8 13. Rc1 Ne5 14. Bf1 Qc7 15.
h3 Qb8 16. Kh1 Rfd8 17. Bh2 Nfd7 18. f4 Ng6 19. Nc2 Bf6 20. Nd4 Ngf8 21. b3 g6
22. Rc2 Qa8 23. g4 e5 24. fxe5 Nxe5 25. Nd5 Bxd5 26. exd5 Nfd7 27. Bg2 Re8 28.
Rf1 Bg7 29. Rcf2 Qb8 30. Nc6 Qc7 31. a4 Nb8 32. Bxe5 Bxe5 33. b4 Nxc6 34. dxc6
f6 35. Bd5+ Kg7 36. Qd2 Re7 37. Rf3 Rf8 38. Qf2 Ree8 39. a5 bxa5 40. b5 axb5
41. cxb5 Rb8 42. Rb1 Rb6 43. Ra3 Ra8 44. Ra4 Ra7 45. Qd2 Rb8 46. Qe3 Rb6 47.
Qe4 Qb8 48. Bc4 Rc7 49. Bd3 Ra7 50. Qd5 Qc8 51. Rb3 Qe8 52. Kg2 Qe7 53. h4 Qe8
54. Rc4 Rc7 55. Ra3 Bb2 56. Ra2 Qe5 57. Qxe5 Bxe5 58. Rxa5 Kf7 59. Rca4 Ke6 60.
Ra7 d5 61. Kf3 Kd6 62. Rxc7 Kxc7 63. Ra7+ Kd6 64. Rxh7 Rb8 65. c7 Rc8 66. b6
1-0

[Event "Int. Stuttgarter Stadtmeisterschaft A"]
[Site "Ditzingen"]
[Date "2016.05.07"]
[Round "6.5"]
[White "Kröger, Fabian"]
[Black "Wenninger, Philipp"]
[Result "1-0"]
[WhiteElo "2170"]
[BlackElo "2352"]
[PlyCount "59"]
[EventDate "2016.??.??"]
[WhiteTeam "SC Kreut"]
[BlackTeam "SC Erlangen"]

1. e4 c6 2. d4 d5 3. exd5 cxd5 4. c4 Nf6 5. Nc3 Nc6 6. Nf3 Bg4 7. cxd5 Nxd5 8.
Qb3 Bxf3 9. gxf3 Nb6 10. Be3 e6 11. O-O-O Be7 12. d5 exd5 13. Nxd5 Nxd5 14.
Rxd5 Qc7 15. Kb1 O-O 16. f4 Nb4 17. Rd4 Qc6 18. Rg1 Rad8 19. Bg2 Qb6 20. Rc4
Qa5 21. a3 Nc6 22. Qxb7 Rb8 23. Qxc6 Bxa3 24. Ra4 Rxb2+ 25. Ka1 Qf5 26. Be4 Qh5
27. Qf6 g6 28. Bd4 Ra2+ 29. Kxa2 Qe2+ 30. Kxa3 1-0

[Event "Int. Stuttgarter Stadtmeisterschaft A"]
[Site "Ditzingen"]
[Date "2016.05.07"]
[Round "6.6"]
[White "Flick, Antoine"]
[Black "Shahin, Walid"]
[Result "1/2-1/2"]
[WhiteElo "2319"]
[BlackElo "2140"]
[PlyCount "70"]
[EventDate "2016.??.??"]
[WhiteTeam "SC Heitersheim"]
[BlackTeam "SK Weilheim"]

1. d4 d5 2. Nf3 Nf6 3. c4 c6 4. Nc3 g6 5. cxd5 cxd5 6. Bf4 Bg7 7. e3 O-O 8. Be2
Nc6 9. O-O Nh5 10. Be5 f6 11. Bg3 Nxg3 12. hxg3 Be6 13. Rc1 Bf7 14. Na4 Qd6 15.
Nc5 b6 16. Na4 e5 17. Bb5 Ne7 18. Qe2 e4 19. Nd2 f5 20. Rfd1 g5 21. Nf1 f4 22.
gxf4 gxf4 23. exf4 a6 24. Bxa6 Nf5 25. Ne3 Nxd4 26. Rxd4 Bxd4 27. Rd1 Bg7 28.
b3 Qxf4 29. Bb7 Rad8 30. Bxd5 b5 31. Bxf7+ Qxf7 32. Rxd8 Rxd8 33. Qxb5 Rd2 34.
Qb8+ Qf8 35. Qxf8+ Kxf8 1/2-1/2

[Event "Int. Stuttgarter Stadtmeisterschaft A"]
[Site "Ditzingen"]
[Date "2016.05.07"]
[Round "6.7"]
[White "Schulte, Torsten"]
[Black "Baenziger, Fabian"]
[Result "0-1"]
[WhiteElo "2139"]
[BlackElo "2248"]
[PlyCount "50"]
[EventDate "2016.??.??"]

1. d4 Nf6 2. c4 g6 3. Nc3 Bg7 4. e4 d6 5. f4 O-O 6. Nf3 c5 7. dxc5 Qa5 8. Bd3
Qxc5 9. Qe2 Nc6 10. Be3 Qa5 11. O-O Bg4 12. Rac1 Nd7 13. Qf2 Bxf3 14. gxf3 Nc5
15. Bb1 Ne6 16. Rfd1 Qh5 17. Nd5 f5 18. exf5 gxf5 19. b4 Kf7 20. a3 Rg8 21. Kf1
Ncd4 22. Bxd4 Bxd4 23. Rxd4 Nxd4 24. Qxd4 Qxf3+ 25. Qf2 Qh1+ 0-1

[Event "Int. Stuttgarter Stadtmeisterschaft A"]
[Site "Ditzingen"]
[Date "2016.05.07"]
[Round "6.8"]
[White "Gabriel, Robert"]
[Black "Denisow, Jewgeny"]
[Result "0-1"]
[WhiteElo "2176"]
[BlackElo "2222"]
[PlyCount "74"]
[EventDate "2016.??.??"]
[WhiteTeam "Stuttgarter SF"]
[BlackTeam "SG Schwäbisch Gmünd"]

1. d4 Nf6 2. Nf3 e6 3. c4 d5 4. Nc3 c6 5. Bg5 h6 6. Bxf6 Qxf6 7. e3 Bb4 8. Rc1
O-O 9. Bd3 b6 10. O-O Bb7 11. e4 dxe4 12. Nxe4 Qe7 13. c5 bxc5 14. a3 c4 15.
Rxc4 Bd6 16. Nxd6 Qxd6 17. Qe2 Nd7 18. Rfc1 Rac8 19. Rb4 Rc7 20. Ne5 Nf6 21.
Bb1 a5 22. Ra4 c5 23. h3 Rfc8 24. dxc5 Rxc5 25. Rac4 Qd5 26. f4 Ba6 27. Rxc5
Rxc5 28. Qe3 Rxc1+ 29. Qxc1 Qd4+ 30. Kh2 Nd5 31. Kg3 g5 32. Nc6 gxf4+ 33. Kh2
Qf2 34. Qc2 Qg3+ 35. Kh1 f5 36. Nd4 Ne3 37. Qd2 Nf1 0-1

[Event "Int. Stuttgarter Stadtmeisterschaft A"]
[Site "Ditzingen"]
[Date "2016.05.07"]
[Round "6.9"]
[White "Karimi, Farhad"]
[Black "Krockenberger, Martin"]
[Result "1-0"]
[WhiteElo "2095"]
[BlackElo "2208"]
[PlyCount "115"]
[EventDate "2016.??.??"]
[WhiteTeam "Satranç Club"]
[BlackTeam "SK Schmiden/Cannstatt"]

1. d4 Nf6 2. Nf3 g6 3. c4 Bg7 4. Nc3 O-O 5. e4 d6 6. h3 e5 7. d5 Na6 8. Be3 Nc5
9. Qc2 a5 10. Nd2 Nh5 11. O-O-O f5 12. Bxc5 dxc5 13. Nb3 b6 14. Kb1 Nf6 15. Bd3
Ne8 16. exf5 gxf5 17. f3 a4 18. Nd2 a3 19. g4 e4 20. fxe4 axb2 21. gxf5 Qf6 22.
Rdg1 Kh8 23. Nd1 Ra3 24. Nf3 Qf7 25. Rg3 Bd7 26. Qe2 Qh5 27. Rhg1 b5 28. Rxg7
Nxg7 29. Qxb2 Rf7 30. Ne5 Ra4 31. Nxf7+ Qxf7 32. a3 bxc4 33. Nc3 Ra6 34. Bxc4
Rb6 35. Nb5 Qe7 36. Ka1 h6 37. a4 Ra6 38. Nc3 Rb6 39. Nb5 Ra6 40. Qc2 Qe5+ 41.
Kb1 Nxf5 42. exf5 Bxf5 43. Bd3 Rxa4 44. Nc3 Rb4+ 45. Ka1 Qe3 46. Qg2 Bg4 47.
hxg4 Qxd3 48. Rc1 Qe3 49. Qc2 Rxg4 50. Na2 Qe5+ 51. Qc3 Rd4 52. Re1 Qxd5 53.
Re8+ Kg7 54. Qg3+ Kf7 55. Qg8+ Kf6 56. Rf8+ Ke5 57. Qg7+ Ke4 58. Nc3+ 1-0

[Event "Int. Stuttgarter Stadtmeisterschaft A"]
[Site "Ditzingen"]
[Date "2016.05.07"]
[Round "6.10"]
[White "Lüdke, Joshua"]
[Black "Neyman, Igor"]
[Result "1/2-1/2"]
[WhiteElo "1934"]
[BlackElo "2262"]
[PlyCount "45"]
[EventDate "2016.??.??"]
[WhiteTeam "SV Marbach"]
[BlackTeam "Stuttgarter SF"]

1. d4 Nf6 2. c4 e6 3. Nf3 b6 4. Bg5 Bb7 5. e3 h6 6. Bxf6 gxf6 7. Nbd2 f5 8. g3
c5 9. dxc5 bxc5 10. Bg2 Bg7 11. Qc2 Qb6 12. O-O O-O 13. Rab1 Nc6 14. a3 a5 15.
e4 Ne7 16. Nh4 fxe4 17. Nxe4 Rab8 18. Nc3 Bxg2 19. Nxg2 Nc6 20. Nb5 Nd4 21.
Nxd4 Bxd4 22. b3 f5 23. Nf4 1/2-1/2

[Event "Int. Stuttgarter Stadtmeisterschaft A"]
[Site "Ditzingen"]
[Date "2016.05.07"]
[Round "6.11"]
[White "Schröder, Kevin"]
[Black "Maisch, Julian"]
[Result "1/2-1/2"]
[WhiteElo "2361"]
[BlackElo "2108"]
[PlyCount "100"]
[EventDate "2016.??.??"]
[WhiteTeam "SC Hansa Dortmund"]
[BlackTeam "SF Kornwestheim"]

1. e4 c5 2. Nf3 e6 3. d4 cxd4 4. Nxd4 Nc6 5. c4 Nf6 6. Nc3 Bb4 7. Nxc6 bxc6 8.
e5 Ne4 9. Bd2 Nxd2 10. Qxd2 Qa5 11. f4 O-O 12. a3 Bxc3 13. Qxc3 Qxc3+ 14. bxc3
f6 15. Bd3 Rb8 16. exf6 gxf6 17. c5 Rb3 18. Kd2 Rb2+ 19. Ke3 Rxg2 20. Rag1 Rxg1
21. Rxg1+ Kf7 22. Rb1 Ke7 23. Rb8 d6 24. Ra8 dxc5 25. Rxa7+ Bd7 26. Bxh7 Rh8
27. Be4 Kd6 28. a4 Rxh2 29. a5 Ra2 30. a6 c4 31. Kd4 Bc8 32. Ra8 Kc7 33. a7 e5+
34. Kc5 Bb7 35. Rf8 Ra5+ 36. Kxc4 exf4 37. Rxf6 Rxa7 38. Rxf4 Kb6 39. Kb3 Ra5
40. c4 Re5 41. Kc3 Ba6 42. Kd4 Rc5 43. Bd3 Rg5 44. c5+ Rxc5 45. Be4 Bb5 46. Rf5
Rc1 47. Bf3 Ka5 48. Rc5 Rxc5 49. Kxc5 Ka6 50. Bxc6 Bxc6 1/2-1/2

[Event "Int. Stuttgarter Stadtmeisterschaft A"]
[Site "Ditzingen"]
[Date "2016.05.07"]
[Round "6.12"]
[White "Tuncer, Ufuk"]
[Black "Schönberger, Peter"]
[Result "1-0"]
[WhiteElo "2292"]
[BlackElo "2088"]
[PlyCount "41"]
[EventDate "2016.??.??"]
[WhiteTeam "SK Sontheim/Brenz"]
[BlackTeam "SCHWARMSTE"]

1. d4 Nf6 2. c4 g6 3. Nc3 Bg7 4. e4 d6 5. f3 O-O 6. Be3 Nc6 7. Nge2 a6 8. Qd2
Rb8 9. Rc1 b5 10. cxb5 axb5 11. Nxb5 Rxb5 12. Rxc6 Bd7 13. Rc2 Rb7 14. Nc3 Re8
15. Ba6 Rb6 16. Be2 Bc8 17. O-O Rb8 18. Rfc1 c6 19. Nd1 Bd7 20. Nf2 Rf8 21. Nd3
1-0

[Event "Int. Stuttgarter Stadtmeisterschaft A"]
[Site "Ditzingen"]
[Date "2016.05.07"]
[Round "6.13"]
[White "Ott, Florian"]
[Black "Pflaum, Stefan"]
[Result "1/2-1/2"]
[WhiteElo "2255"]
[BlackElo "2071"]
[PlyCount "75"]
[EventDate "2016.??.??"]
[WhiteTeam "SC Forchheim"]
[BlackTeam "SC Botnang"]

1. d4 Nf6 2. c4 c5 3. d5 e5 4. Nc3 d6 5. e4 Be7 6. g3 Nbd7 7. Bg2 O-O 8. Nge2
Ne8 9. O-O g6 10. f4 exf4 11. gxf4 Bf6 12. Be3 Bg7 13. Ng3 Qh4 14. Kh1 Ndf6 15.
Bg1 Ng4 16. Qd2 Bd4 17. Bf3 Bg7 18. Rae1 f6 19. Bd1 Bd7 20. Ba4 Bxa4 21. Nxa4
b6 22. Kg2 Nh6 23. Nc3 Qg4 24. f5 Nf7 25. Be3 g5 26. h3 Qh4 27. Qe2 Ne5 28. Rh1
Rf7 29. b3 Bf8 30. Bf2 Qh6 31. Nd1 Be7 32. Ne3 Qf8 33. Ngf1 Rb8 34. Bg3 a6 35.
h4 Rg7 36. h5 h6 37. Bxe5 fxe5 38. Ng4 1/2-1/2

[Event "Int. Stuttgarter Stadtmeisterschaft A"]
[Site "Ditzingen"]
[Date "2016.05.07"]
[Round "6.14"]
[White "Dudek, Richard"]
[Black "Wettengel, Alexander"]
[Result "1-0"]
[WhiteElo "2230"]
[BlackElo "2105"]
[PlyCount "55"]
[EventDate "2016.??.??"]
[WhiteTeam "SC Eppingen"]
[BlackTeam "Stuttgarter SF"]

1. e4 e6 2. d4 d5 3. Nd2 Nc6 4. Ngf3 Nf6 5. e5 Nd7 6. Bb5 Ncb8 7. O-O c6 8. Bd3
c5 9. c4 dxc4 10. Nxc4 Nb6 11. Bg5 Qd5 12. Qb3 N6d7 13. Qc2 f5 14. exf6 Nxf6
15. Ne3 Qd7 16. dxc5 Nc6 17. Bb5 Be7 18. Qa4 O-O 19. Ne5 Qc7 20. Nxc6 bxc6 21.
Bxc6 Rb8 22. b4 a5 23. a3 Qe5 24. Bh4 Qh5 25. Bg3 e5 26. Qxa5 Be6 27. Qc7 Rfc8
28. Qxe5 1-0

[Event "Int. Stuttgarter Stadtmeisterschaft A"]
[Site "Ditzingen"]
[Date "2016.05.07"]
[Round "6.15"]
[White "Aring, Gerd"]
[Black "Merk, Daniel"]
[Result "1-0"]
[WhiteElo "2192"]
[BlackElo "1864"]
[PlyCount "71"]
[EventDate "2016.??.??"]
[WhiteTeam "SV Nürtingen"]
[BlackTeam "Schach-Pinguine Sulzbach"]

1. d4 d5 2. c4 c6 3. Nf3 Nf6 4. Nc3 dxc4 5. a4 Bf5 6. e3 Bd3 7. Bxd3 cxd3 8.
Qxd3 e6 9. O-O Be7 10. e4 O-O 11. e5 Nd5 12. Ne4 h6 13. g4 Na6 14. g5 h5 15.
Kh1 Nab4 16. Qe2 g6 17. Rg1 Kg7 18. Nh4 Rc8 19. Ng3 Rh8 20. f4 Qd7 21. Ra3 c5
22. Rf3 cxd4 23. f5 Bc5 24. fxg6 fxg6 25. Rf6 Nxf6 26. gxf6+ Kf7 27. Rg2 d3 28.
Qf3 Nc6 29. Nxg6 Qd5 30. Nxh8+ Rxh8 31. Ne4 Nxe5 32. Qg3 Ng4 33. Qc7+ Kg6 34.
Qg7+ Kf5 35. Qg5+ Kxe4 36. Qf4# 1-0

[Event "Int. Stuttgarter Stadtmeisterschaft A"]
[Site "Ditzingen"]
[Date "2016.05.07"]
[Round "6.16"]
[White "Jussupow, Nadia"]
[Black "Haas, Wilhelm"]
[Result "1-0"]
[WhiteElo "2106"]
[BlackElo "2191"]
[PlyCount "37"]
[EventDate "2016.??.??"]
[WhiteTeam "SK Krumbach"]
[BlackTeam "SC Erdmannhausen"]

1. e4 c5 2. Nf3 d6 3. Bb5+ Bd7 4. Bxd7+ Qxd7 5. O-O Nc6 6. c3 Nf6 7. d4 e6 8.
d5 exd5 9. exd5 Ne7 10. Re1 O-O-O 11. c4 h6 12. Nc3 g5 13. Rb1 Bg7 14. b4 Ng6
15. Qb3 Rhe8 16. Be3 Bf8 17. Qa3 b6 18. bxc5 dxc5 19. Rxb6 1-0